Caracterización de las agroindustrias en Honduras
Uloženo v:
| Hlavní autor: | |
|---|---|
| Médium: | Text |
| Vydáno: |
Tegucigalpa :
|
| Tagy: |
Přidat tag
Žádné tagy, Buďte první, kdo vytvoří štítek k tomuto záznamu!
|
MARC
| LEADER | 00000 a a2200000 04500 | ||
|---|---|---|---|
| 001 | 16303 | ||
| 003 | |||
| 040 | |||
| 090 | |a 012900 | ||
| 100 | |a Britos de Paéz, Adela | ||
| 245 | |a Caracterización de las agroindustrias en Honduras | ||
| 260 | |a Tegucigalpa : | ||
| 300 | |a 15 p. | ||
| 999 | |c 11802 |d 11802 | ||
